Normal view
MARC view
- Thomson Peterson's (Firm)
Entry Corporate Name
001 - CONTROL NUMBER
- control field: 96165
003 - CONTROL NUMBER IDENTIFIER
- control field: NUST
005 - DATE AND TIME OF LATEST TRANSACTION
- control field: 20220801155843.0
008 - FIXED-LENGTH DATA ELEMENTS
- fixed length control field: 220801|| aca||aabn | a|a d
040 ## - CATALOGING SOURCE
- Original cataloging agency: NUST
- Transcribing agency: NUST
110 ## - HEADING--CORPORATE NAME
- Corporate name or jurisdiction name as entry element: Thomson Peterson's (Firm)
670 ## - SOURCE DATA FOUND
- Source citation: Work cat.: (NUST)0: Peterson's graduate and professional programs, an overview., 2021
